A Textbook Of Differential Equations (Record no. 10760)

MARC details
000 -LEADER
fixed length control field 00261nam a2200109 4500
082 ## - DEWEY DECIMAL CLASSIFICATION NUMBER
Classification number 515.35ANS
100 ## - MAIN ENTRY--AUTHOR NAME
Personal name Ansari, A.A
245 ## - TITLE STATEMENT
Title A Textbook Of Differential Equations
260 ## - PUBLICATION, DISTRIBUTION, ETC. (IMPRINT)
Place of publication New Delhi:
Name of publisher Swastick Publishers,
Year of publication 2007.
300 ## - PHYSICAL DESCRIPTION
Number of Pages 394p. ;
942 ## - ADDED ENTRY ELEMENTS (KOHA)
Koha item type Books
Holdings
Withdrawn status Lost status Home library Current library Date acquired Cost, normal purchase price Full call number Accession Number Koha item type
    Central Library, QUEST, Nawabshah Central Library, QUEST, Nawabshah 02/10/2014 1590.00 515.35ANS 32557 Books
    Central Library, QUEST, Nawabshah Central Library, QUEST, Nawabshah 02/10/2014 1590.00 515.35ANS 32558 Books